Countries with the Most Total Precipitation - Statistics

General Stats
  • This quiz has been taken 65,879 times
    34,579 since last reset
  • The average score is 16 of 20
Answer Stats
km³ / year Country % Correct
15,167 Brazil
97%
7,449 United States
95%
6,060 China
92%
8,122 Russia
92%
5,452 Canada
91%
3,540 India
91%
5,077 Indonesia
89%
1,710 Argentina
87%
2,882 Colombia
87%
1,465 Mexico
83%
1,991 Peru
83%
1,737 Venezuela
81%
3,506 D. R. Congo
79%
4,061 Australia
77%
1,260 Bolivia
71%
974 Malaysia
71%
1,449 Myanmar
53%
1,111 Nigeria
51%
1,417 Papua New Guinea
49%
1,297 Angola
40%
No matching quizzes found
Score Distribution
Percent of People with Each Score
Percentile by Number Answered
Your Score History
You have not taken this quiz since the last reset